Music Quiz

Random Music or Singers Quiz

So You Think You Can Sing & Act? Quiz Stats

Quiz not verified by Sporcle

Challenge
Share
Tweet
Embed
Score 0/75 Timer 10:00
0 Plays Today
% Correct
Madonna
93.5%
Tina Turner
92.2%
Prince
90.9%
Elvis Presley
89.6%
Bette Midler
88.3%
Neil Diamond
88.3%
Justin TImberlake
88.3%
Patrick Swayze
88.3%
Cher
88.3%
Eminem
88.3%
Olivia Newton-John
87%
50 Cent (Curtis Jackson)
85.7%
Jennifer Lopez
84.4%
Hilary Duff
83.1%
Mariah Carey
81.8%
Christina Aguilera
81.8%
Whitney Houston
80.5%
Lindsay Lohan
80.5%
Donna Summer
77.9%
Miley Cyrus
77.8%
Irene Cara
77.8%
Michael Jackson
77.8%
Britney Spears
76.6%
Beyonce Knowles
76.6%
Rihanna
75.3%
Bruce Willis
74%
Bow Wow
74%
Meatloaf
72.2%
Gwen Stefani
72.2%
Vanilla Ice
72.2%
Kelly Clarkson
71.4%
Jennifer Hudson
68.8%
Barbra Streisand
67.5%
John Travolta
66.2%
Selena Gomez
64.9%
Mandy Moore
63.6%
Janet Jackson
62.3%
Willie Nelson
61.1%
% Correct
Dolly Parton
59.7%
Diana Ross
55.8%
Ludacris (Chris Bridges)
55.8%
Vanessa Hudgens
55.6%
David Bowie
55.6%
Chris Isaak
55.6%
Cyndi Lauper
54.5%
Queen Latifah
51.9%
Eddie Murphy
50%
Jessica Simpson
50%
Macy Gray
50%
Tyrese Gibson
49.4%
Vanessa Williams
49.4%
Lauryn Hill
48.1%
Brandy
48.1%
LL Cool J
48.1%
Anna Kendrick
46.8%
Will Smith
46.8%
Reba McEntire
45.5%
Elton John
44.4%
Aaliyah
44.4%
Jordin Sparks
44.2%
Linda Ronstadt
44.2%
JoJo
40.3%
John Denver
38.9%
Usher
38.9%
Sting
38.9%
Lil Kim
37.7%
Carrie Underwood
36.4%
Ice Cube
33.3%
Chris Brown
33.3%
Lenny Kravitz
33.3%
Ricky Nelson
33.3%
Tim McGraw
32.5%
Ashanti
27.8%
George Strait
27.8%
Trey Songz
16.7%

You're not logged in!

Compare scores with friends on all Sporcle quizzes.
Join for Free
OR
Log In

You Might Also Like...

Show Comments

Extras

Top Quizzes Today


Score Distribution

Your Account Isn't Verified!

In order to create a playlist on Sporcle, you need to verify the email address you used during registration. Go to your Sporcle Settings to finish the process.

Report this User

Report this user for behavior that violates our Community Guidelines.

Details: